Oeuvres Completes

Salvato in:
Dettagli Bibliografici
Autore principale: Platón
Natura: Libro
Lingua:Undetermined
Pubblicazione: París, Francia Les Belles Lettres 1970
Soggetti:
Tags: Aggiungi Tag
Nessun Tag, puoi essere il primo ad aggiungerne!!

MARC

LEADER 00000nam a2200000Ia 4500
008 170316s9999 xx 000 0 und d
090 |a 100 P-26o v.1 
100 |a Platón 
245 |a Oeuvres Completes 
260 |a París, Francia 
260 |b Les Belles Lettres 
260 |c 1970 
300 |a 215 páginas Tome I 
650 |a FILOSOFÍA 
999 |c 17322  |d 17322 
040 |a cru BVZT 
942 |c 15 D  |h 100 P-26o v.1  |2 z